Midnight Marauders - A Tribe Called Quest - Statistics

General Stats
  • This quiz has been taken 3 times
  • The average score is 8 of 14
Answer Stats
Songs Plays Artists % Correct
Electric Relaxation 32,723,032 A Tribe Called Quest
100%
Steve Biko (Stir It Up) 33,482,865 A Tribe Called Quest
100%
Sucka N*gga 23,632,234 A Tribe Called Quest
100%
8 Million Stories 14,721,718 A Tribe Called Quest
67%
Award Tour 122,162,357 A Tribe Called Quest, Trugoy The Dove
67%
Midnight 11,135,309 A Tribe Called Quest, Raphael Saadiq
67%
Oh My God 44,581,425 A Tribe Called Quest, Busta Rhymes
67%
Clap Your Hands 9,480,938 A Tribe Called Quest
33%
God Lives Through 8,351,957 A Tribe Called Quest
33%
Lyrics To Go 10,127,027 A Tribe Called Quest
33%
Midnight Marauders Tour Guide 8,151,744 A Tribe Called Quest
33%
The Chase, Part II 10,070,237 A Tribe Called Quest, Consequence
33%
We Can Get Down 15,644,077 A Tribe Called Quest
33%
Keep It Rollin' 9,949,777 A Tribe Called Quest, Large Professor
0%
No matching quizzes found
Score Distribution
Percent of People with Each Score
Percentile by Number Answered
Your Score History
You have not taken this quiz